000 02226nam a2200337 c 4500
003 BLK
005 20250410114021.0
008 180411b bul|||||r ||||||| ||bul||
010 _aKNG00195455000
040 _aBLK
041 _aBUL
_cBUL
080 _aБългарска литература
_b821.163.2
_x-8
_z821.163.2-8
100 1 _aМихайловски, Стоян Николов
_gМихайловский, Стоян, 1856-1927; Михайловски, Ст., 1856-1927; Михайловски, 1856-1927; Де Профундис, 1856-1927 (псевдоним); Истров, Драгостин, 1856-1927 (псевдоним); Муслак, Драгостин Истров, 1856-1927 (псевдоним); Розенберг, Викентий, 1856-1927 (псевдоним); Рязков, Евгений, 1856-1927 (псевдоним); Стрелков, Ст., 1856-1927 (псевдоним); De Profundis, 1856-1927 (псевдоним); X.y.z., 1856-1927 (псевдоним)
_d1856-1927
_997934
700 1 _aНатев, Атанас Василев
_eсъстав. и предг. от
_9374034
700 1 _aКойчева, Румяна
_eред.
_9344110
700 1 _aКаменов, Йосиф
_eред.
_9344111
700 1 _aКьосев, Александър Динов
_9374026
139 _aМихайловски, Стоян Николов
_bМ 74
245 1 0 _aБожествен размирник
_bФилос. поезия и проза
_cСтоян Николов Михайловски; състав. и предг. от Атанас Василев Натев; ред. Румяна Койчева; ред. Йосиф Каменов; послесл. от Александър Динов Кьосев.
257 _aBGR
260 София
_bБълг. писател
_c1987
300 _a831 с.
_c23 см
380 _aX
500 _aСъдържа и Речник на непознаните и малко употребими думи. - 3 112 тир.
852 _aЦб 147854
856 4 _qpdf
_u
856 4 _qpdf
_u
942 _cKNG
_n0
_07
944 _aCR
_c08.11.2016
_k30546
_lРенета Константинова
944 _aED
_c08.11.2016
_kЕлица_Владова
999 _c186460
_d186460